Gares de la Lozère - Statistiques

Statistiques générales
  • Ce quiz a été pris 98 fois
  • Le résultat moyen est 9 sur 21
Statistiques - réponses
Nombre de voyageurs Gares % Correct
53 756 Mende
95%
89 724 Saint Chély d'Apcher
83%
16 129 Marvejols
80%
30 028 La Bastide - Saint Laurent les Bains
70%
47 247 Langogne
58%
16 222 Banassac - La Canourgue
52%
822 Le Monastier
50%
8 825 Aumont Aubrac
45%
44 Chirac
45%
2 220 Chanac
42%
26 311 Villefort
41%
2 069 Luc
33%
32 Balsièges
32%
51 Barjac
30%
1 054 Bagnols - Chadenet
29%
15 Le Bruel
27%
528 Belvezet
20%
2 512 Chasseradès
20%
692 Allenc
18%
32 Les Salelles
18%
1 527 Chapeauroux
17%
Aucun quiz correspondant
Distribution des résultats
% des personnes avec chaque résultat
Percentile par nombre de réponses
Votre historique - résultats
Vous n’avez pas pris ce quiz